000 00993nam0a22002531 4500
001 rc\853198
005 20250622020421.0
035 _a(NLR Aleph) 006033599
090 _a7554067
_c7554067
100 _a20041129d1983 |||y0rusy50 ca
101 0 _arus
102 _aRU
105 _ay |||||||||
200 1 _aОписание двухчастичного взаимодействия в моделях, использующих метод граничных условий
210 _aКиев
_cИТФ
_d1983
215 _a31 с.
_d20
225 1 _aПрепринт
_fАН УССР, Ин-т теорет. физики
_vИТФ-83-65Р
320 _aБиблиогр.: с. 29-31 (23 назв.)
700 1 _7ca
_8rus
_aПетров
_bН. М.
_cд-р физ.-мат. наук, физика частиц
_gНиколай Митрофанович
_9237638
_3RU\NLR\AUTH\770237694
801 0 _aRU
_bNLR
_gpsbo
801 1 _aRU
_bELAR
_2rusmarc
852 _aNLR
_j83-4/27702
942 _cBOOK
980 _aNB